Statistics for Coldest US State Capitals Winter 2021-2022

Click here to take the quiz!

General Stats

  • This quiz has been taken 15 times
    (10 since last reset)
  • The average score is 13 of 15

Answer Stats

Min Temp FDateCapital% Correct
-6Jan 22Albany
100%
-27Jan 1Bismarck
100%
-15Feb 23Helena
100%
-8Jan 6Juneau
100%
-18Feb 23Pierre
100%
-17Jan 7St. Paul
100%
-12Feb 22Cheyenne
88%
-11Feb 3Denver
88%
-9Jan 21Des Moines
88%
-18Jan 26Madison
88%
-13Jan 27Augusta
75%
-10Jan 22Concord
75%
-20Jan 22Montpelier
75%
-8Jan 2Lincoln
63%
-5Feb 4Santa Fe
38%

Score Distribution

Percentile by Number Answered

Percent of People with Each Score

Your Score History

You have not taken this quiz since the last reset